Moneda antigua y vias Romanas en el noroeste de Hispania /

The main objective of this work was to obtain an overview of the Roman monetary circulation in Gallaecia following the road network that crossed this territory in Roman times.

محفوظ في:

المؤلف الرئيسي: Vila Franco, María Isabel (مؤلف)

التنسيق: كتاب الكتروني

اللغة: Spanish

منشور في: Oxford : Archaeopress, [2016]

سلاسل: Archaeopress Roman archaeology ; 15.

الموضوعات:

الوصول للمادة أونلاين: Login to view Source

الوسوم: إضافة وسم

لا توجد وسوم, كن أول من يضع وسما على هذه التسجيلة!

رقم الطلب: CJ1122

LEADER 01723nam a2200409 i 4500
001 EDZ0001584764
003 StDuBDS
005 20230412181759.0
006 m|||||o||d||||||||
007 cr |||||||||||
008 161109s2016 enka f 000|0|spa|d
020 |a 9781784914004 (ebook) :  |c No price 
040 |a StDuBDS  |b eng  |c StDuBDS  |e rda  |e pn 
050 4 |a CJ1122 
082 0 4 |a 737.4937  |2 23 
100 1 |a Vila Franco, María Isabel,  |e author. 
245 1 0 |a Moneda antigua y vias Romanas en el noroeste de Hispania /  |c M. Isabel Vila Franco. 
264 1 |a Oxford :  |b Archaeopress,  |c [2016] 
300 |a 1 online resource :  |b illustrations (black and white, and colour). 
336 |a text  |2 rdacontent 
336 |a still image  |2 rdacontent 
337 |a computer  |2 rdamedia 
338 |a online resource  |2 rdacarrier 
490 1 |a Archaeopress Roman archaeology ;  |v 15 
500 |a Previously issued in print: 2016. 
520 8 |a The main objective of this work was to obtain an overview of the Roman monetary circulation in Gallaecia following the road network that crossed this territory in Roman times. 
521 |a Specialized. 
588 |a Description based on online resource; title from home page (viewed on November 9, 2016). 
650 0 |a Coins, Roman  |z Spain. 
651 0 |a Spain  |x Antiquities, Roman. 
650 0 |a Excavations (Archaeology)  |z Spain. 
776 0 8 |i Print version :  |z 9781784913991 
830 0 |a Archaeopress Roman archaeology ;  |v 15. 
856 4 0 |3 Archaeopress  |u http://library.arce.org:8087/Archaeopress/Products/9781784913991 
942 |2 lcc  |c EBOOK 
952 |0 0  |1 0  |4 0  |6 CJ1122  |7 1  |9 46181  |a ARCH  |b ARCH  |d 2023-04-12  |l 0  |o CJ1122  |r 2023-04-12 00:00:00  |w 2023-04-12  |y EBOOK 
999 |c 51839  |d 51839